• 首页
  • 本馆介绍
  • 公告通知
  • 最新文献
  • 馆藏检索
  • 电子资源
  • 读者导购
  • 参考咨询
  • 我的图书馆
  • 登录
  • 详细信息显示
  • 放入我的书架
  • 预约/预借图书
  • 作者相关作品
  • 分类相关作品
  • 丛书相关作品
  • 出版社相关作品

书目信息

  • 表格格式
  • 工作单格式
  • 卡片格式
题名:
德国史
    
 
作者: 洛赫 著 ;北京大学历史系世界近代现代史教研室 译
分册: 中册  
出版信息: 北京   三联书店  1976
页数: 413-852页
开本: 21cm
丛书名:
单 册:
中图分类: K516.0
科图分类:
主题词: 通史--德国
电子资源:
ISBN:
000 00703nam0 2200229 45
001 0177000444
005 20060814085346.37
010    @dCNY3.55
100    @a19951018d1977 em y0chiy0121 ea
101 1  @achi@cger
102    @aCN@b110000
105    @ay z 000yy
200 10 @a德国史@Ade guo shi@h中册@f(东德)洛赫著@g北京大学历史系世界近代现代史教研室译
210    @a北京@c三联书店@d1976
215    @a413-852页@d21cm
606    @a通史@y德国
690    @aK516.0@v3
701  1 @a洛赫@Aluo he@4著
712 02 @a北京大学历史系世界近代现代史教研室@Abei jing da xue li shi xi shi jie jin dai xian dai shi jiao yan shi@4译
801  2 @aCN@bNLC@c20060814
801  0 @aCN@bTSSF
905    @a10447@dK516.0@e21
    
    德国史.中册/(东德)洛赫著/北京大学历史系世界近代现代史教研室译.-北京:三联书店,1976
    413-852页;21cm
    
    
    ISBN :CNY3.55
    
●
相关链接 在E读中查询图书 在五车中查询图书 在当当中查询图书 在豆瓣中查询图书


正题名:德国史     索取号:K516.0/21         预约/预借

序号 登录号 条形码 馆藏地/架位号 状态 备注
1 0462282   204622827   密集书库/ [索取号:K516.0/21] 在馆    
唐山师范学院图书馆 欢迎您!
大连网信软件有限公司© 版权所有